Multiagentové prístupy k modelovaniu ekonomických systémov

Analýza a rozbor prostriedkov na vytvorenie simulačného prostredia na modelovanie a simuláciu ekonomických subjektov - agentov, napr. podnikov. Návrh a implementácia konkrétnych riešení a možnosti simulácie a modelovania.

Gespeichert in:
Bibliographische Detailangaben
1. Verfasser: Zajac, Jaroslav
Format: Buchkapitel
Sprache:Slowakisch
Schlagworte:
Tags: Tag hinzufügen
Keine Tags, Fügen Sie das erste Tag hinzu!

MARC

LEADER 00000naa$a2200000$$$4500
001 0017437
005 20230929075229.3
041 0 |a slo 
044 |a SK 
245 1 0 |a Multiagentové prístupy k modelovaniu ekonomických systémov  |c Jaroslav Zajac 
520 |a Analýza a rozbor prostriedkov na vytvorenie simulačného prostredia na modelovanie a simuláciu ekonomických subjektov - agentov, napr. podnikov. Návrh a implementácia konkrétnych riešení a možnosti simulácie a modelovania. 
610 2 0 |a modelovanie 
610 2 0 |a systémy multiagentové 
610 2 0 |a systémy ekonomické 
610 2 0 |a simulácia 
610 2 0 |a modely simulačné 
610 2 0 |a podnik 
610 2 0 |a algoritmy 
610 2 0 |a siete neurónové 
610 2 0 |a vedomosti 
100 1 |a Zajac, Jaroslav